| Tag |
First Indicator |
Second Indicator |
Subfields |
| LEADER |
00000cas a2200000 a 4500 |
| 001 |
in00002366521 |
| 005 |
20151109041355.0 |
| 006 |
m d |
| 007 |
cr cnu|||||||| |
| 008 |
020809c19799999nyuqr pss 0 a0eng c |
| 010 |
|
|
|a 2002214589
|
| 022 |
0 |
|
|a 1541-1540
|y 0161-6846
|2 1
|
| 029 |
1 |
|
|a OCLCS
|b 10587
|
| 029 |
1 |
|
|a OCLCS
|b OP-12336
|
| 035 |
|
|
|a (OCoLC)ocm50335815
|
| 035 |
|
|
|a (OCoLC)50335815
|
| 037 |
|
|
|b The Haworth Press, 10 Alice St., Binghamton, NY 13901-1580
|
| 040 |
|
|
|a NSD
|c NSD
|d OCLCQ
|d OCL
|d NSD
|d OCLCQ
|d TXA
|d UtOrBLW
|
| 042 |
|
|
|a nsdp
|a lcd
|
| 049 |
|
|
|a TXAM
|
| 090 |
|
|
|a Z671
|b .P9854 Electronic
|
| 130 |
0 |
|
|a Public library quarterly (New York, N.Y. : Online)
|
| 222 |
|
0 |
|a Public library quarterly
|b (New York, N.Y. Online)
|
| 245 |
1 |
0 |
|a Public library quarterly.
|
| 264 |
|
1 |
|a Binghamton, N.Y. :
|b Haworth Press.
|
| 310 |
|
|
|a Quarterly
|
| 336 |
|
|
|a text
|b txt
|2 rdacontent
|
| 337 |
|
|
|a computer
|b c
|2 rdamedia
|
| 338 |
|
|
|a online resource
|b cr
|2 rdacarrier
|
| 362 |
1 |
|
|a Print began with issue for spring 1979.
|
| 500 |
|
|
|a Description based on: Volume 21, number 1 (2002); title from journal information screen (FirstSearch, viewed Mar. 18, 2004).
|
| 530 |
|
|
|a Also issued in print.
|
| 538 |
|
|
|a Mode of access: World Wide Web.
|
| 500 |
|
|
|a Electronic resource.
|
| 650 |
|
0 |
|a Public libraries
|v Periodicals.
|
| 650 |
|
0 |
|a Library science
|v Periodicals.
|
| 776 |
1 |
|
|t Public library quarterly (New York, N.Y.)
|x 0161-6846
|w (DLC) 79644314
|w (OCoLC)3992852
|
| 948 |
|
|
|a cataloged
|b h
|c 2008/3/26
|d c
|e pbump
|
| 994 |
|
|
|a C0
|b TXA
|
| 999 |
|
|
|a MARS
|
| 999 |
f |
f |
|s a3660993-48e7-34f1-b197-8d1a5403e9f4
|i 18223267-f746-36d6-b322-587f8b197771
|t 0
|
| 952 |
f |
f |
|a Texas A&M University
|b College Station
|c Electronic Resources
|d Available Online
|t 0
|e Z671 .P9854
|g Electronic
|h Library of Congress classification
|
| 998 |
f |
f |
|a Z671 .P9854
|t 0
|l Available Online
|